zpět

Detail výsledku týmu

Hasičárna Blesk, Ostrava

Datum a čas kvízu

27 Celkem bodů Celkový počet nahraných bodů na tomto kvízu bez doplňovacích otázek.
8. Pořadí na kvízu Konečné umístění týmu na tomto kvízu.

Zaznamenané odpovědi

# Otázka Odpověď Body Výsledky
1. Který známý český youtuber vyb... Radek Starý (Sterakdary) 1
2. Slovenský ministr cestovního r... říhnul si 1
3. Minulý týden bylo oznámeno pok... Mumie 0
4. Ke 100. výročí založení Národn... guvernér ČNB; Aleš Michl 0.5
5. Tým Buggyra Racing představil... Invictus 0
6. První novodobé hry se konaly v... C 1
7. U maratonu ještě zůstaneme. Me... v Římě, běžel bosky 0.5
8. V Calgary se v roce 1988 na st... Eddie Eagle/orel Eddie/The Eagle; skoky na lyžích 0.5
9. Nyní se přeneseme na olympijsk... Kateřina Kůrková, Matthew Emmons 0
10. Na závěr postupně uslyšíte tři... 3, 2, 1 0